[Event "Tradewise Gibraltar Chess Festival 2014 "]
[Site "The Caleta Hotel - Gibraltar"]
[Date "2014.02.06"]
[Round "10.82"]
[White "Verneuil, Pascal"]
[Black "Veltkamp, Gerben"]
[Result "1-0"]
[WhiteElo "2065"]
[BlackElo "2202"]
[PlyCount "117"]
[EventDate "2014.01.28"]

1. e4 e5 2. Nf3 Nc6 3. Bb5 Nge7 4. d4 exd4 5. Nxd4 g6 6. O-O Bg7 7. c3 Nxd4 8.
cxd4 c6 9. Ba4 d5 10. e5 Nf5 11. Nc3 O-O 12. Bc2 f6 13. Bxf5 Bxf5 14. f4 fxe5
15. fxe5 Qb6 16. Na4 Qb5 17. Be3 b6 18. Rf2 Be6 19. Nc3 Qb4 20. a3 Qe7 21. Qd2
Rxf2 22. Bxf2 Rf8 23. Be3 Qf7 24. b4 Qf5 25. Ne2 Qg4 26. Rc1 Bd7 27. h3 Qe4 28.
Ng3 Qh4 29. Kh2 h6 30. Rf1 Rxf1 31. Nxf1 Kh7 32. Bf2 Qe7 33. Bg3 h5 34. Bf4 c5
35. Ng3 c4 36. Ne2 Qf7 37. Nc3 Bf8 38. Qe3 a5 39. b5 Be6 40. a4 Bb4 41. Bg5 Qf1
42. Ne2 Be1 43. Qf4 Qxf4+ 44. Nxf4 Bd2 45. Nxe6 c3 46. Be7 Bc1 47. Ng5+ Kg8 48.
Nf3 c2 49. Kh1 Kf7 50. Ne1 Kxe7 51. Nxc2 Ke6 52. g4 hxg4 53. hxg4 Bf4 54. Kg2
Bg5 55. Kf3 Bd2 56. Ke2 Bc1 57. Ne1 Bf4 58. Nd3 Bg5 59. Kf3 1-0

[Event "Tradewise Gibraltar Chess Festival 2014 "]
[Site "The Caleta Hotel - Gibraltar"]
[Date "2014.02.06"]
[Round "10.83"]
[White "Tscharotschkin, Michael"]
[Black "Freuler, Roman"]
[Result "1-0"]
[WhiteElo "2201"]
[BlackElo "2048"]
[PlyCount "47"]
[EventDate "2014.01.28"]

1. e4 c5 2. c3 Nf6 3. e5 Nd5 4. d4 cxd4 5. cxd4 d6 6. Nf3 Nc6 7. a3 e6 8. Bd3
Be7 9. O-O O-O 10. Qe2 Qb6 11. Rd1 Bd7 12. Nc3 Nxc3 13. bxc3 dxe5 14. dxe5 Rfd8
15. Ng5 g6 16. Nxh7 Nxe5 17. Qxe5 Kxh7 18. Qh5+ Kg8 19. Bxg6 fxg6 20. Qxg6+ Kh8
21. Rd3 e5 22. Qh5+ Kg7 23. Rg3+ Bg5 24. Bxg5 1-0

[Event "Tradewise Gibraltar Chess Festival 2014 "]
[Site "The Caleta Hotel - Gibraltar"]
[Date "2014.02.06"]
[Round "10.85"]
[White "Henrichsen, Jens"]
[Black "Gikas, Andreas Basilius"]
[Result "0-1"]
[WhiteElo "1946"]
[BlackElo "2189"]
[PlyCount "100"]
[EventDate "2014.01.28"]

1. d4 d5 2. c4 c6 3. Nc3 Nf6 4. cxd5 cxd5 5. Bf4 Nc6 6. e3 Bf5 7. h3 e6 8. Bd3
Bxd3 9. Qxd3 a6 10. Nf3 Bb4 11. O-O O-O 12. Rfc1 Rc8 13. a3 Bxc3 14. Rxc3 Ne4
15. Rc2 Na5 16. Rac1 Rxc2 17. Rxc2 Nc6 18. Qb3 Qd7 19. Qb6 Rc8 20. Ne1 Ne7 21.
Rc7 Rxc7 22. Qxc7 Qxc7 23. Bxc7 Kf8 24. Nd3 Ke8 25. f3 Nd2 26. Kf2 Nc4 27. Ke2
Kd7 28. Bg3 Nf5 29. Bf2 Nfd6 30. Be1 Nf5 31. Bf2 Nfd6 32. Be1 f6 33. Nc5+ Ke7
34. Bb4 a5 35. Bc3 b6 36. Na4 Nc8 37. b4 b5 38. Nb2 Nxb2 39. Bxb2 a4 40. e4 Nd6
41. Kd3 Nc4 42. Bc1 Kd6 43. h4 dxe4+ 44. fxe4 f5 45. Bf4+ Kc6 46. Bc1 g6 47. g3
Nd6 48. exf5 exf5 49. Ke3 Kd5 50. Kd3 Nc4 0-1

[Event "Tradewise Gibraltar Chess Festival 2014 "]
[Site "The Caleta Hotel - Gibraltar"]
[Date "2014.02.06"]
[Round "10.86"]
[White "Valenti, Giuseppe"]
[Black "Stewart, Ashley"]
[Result "1/2-1/2"]
[WhiteElo "2172"]
[BlackElo "2038"]
[PlyCount "147"]
[EventDate "2014.01.28"]

1. Nf3 Nf6 2. b3 g6 3. Bb2 Bg7 4. e3 O-O 5. Be2 c5 6. O-O d5 7. d4 cxd4 8. exd4
Nc6 9. Nbd2 Nh5 10. Re1 Qb6 11. c3 Re8 12. g3 Bg4 13. Kg2 Rad8 14. h3 Bf5 15.
Nh4 Nf6 16. Nxf5 gxf5 17. Bd3 e6 18. f3 Kh8 19. Nf1 Bh6 20. Bc1 Bxc1 21. Rxc1
Rg8 22. Qd2 Ne7 23. Re2 Qd6 24. Qh6 Ng6 25. Kf2 Qf8 26. Qxf8 Rgxf8 27. Ke1 Rd7
28. Kd2 Rc8 29. Rh2 Kg7 30. h4 h5 31. Rg2 Kh6 32. Rg1 Rg8 33. Rh1 f4 34. Bxg6
Rxg6 35. Rh3 Rd8 36. Rc2 fxg3 37. Nxg3 Rdg8 38. Ne2 Rg2 39. Ke3 Rc8 40. Rc1 Ne8
41. Rc2 Nd6 42. a4 Rcg8 43. Kd3 Rf2 44. c4 dxc4+ 45. bxc4 Rgg2 46. d5 b6 47.
dxe6 fxe6 48. a5 Nb7 49. axb6 axb6 50. f4 Nc5+ 51. Ke3 Kg7 52. Rf3 Rxf3+ 53.
Kxf3 Rh2 54. Rb2 Rxh4 55. Rxb6 Rh3+ 56. Kg2 Re3 57. Kf2 Re4 58. Ng3 Rxf4+ 59.
Ke3 Rxc4 60. Nxh5+ Kg6 61. Nf4+ Kf5 62. Ne2 Ke5 63. Rb8 Rh4 64. Kf3 Ra4 65. Rb5
Ra3+ 66. Kg4 Kd5 67. Rb8 e5 68. Rd8+ Kc4 69. Ng3 Ra7 70. Kf3 e4+ 71. Nxe4 Rf7+
72. Ke3 Re7 73. Rd4+ Kb5 74. Kf3 1/2-1/2

[Event "Tradewise Gibraltar Chess Festival 2014 "]
[Site "The Caleta Hotel - Gibraltar"]
[Date "2014.02.06"]
[Round "10.87"]
[White "Khachatourian, Yerazik"]
[Black "Iagar, Razvan-Gabriel"]
[Result "0-1"]
[WhiteElo "1955"]
[BlackElo "2171"]
[PlyCount "68"]
[EventDate "2014.01.28"]

1. e4 e6 2. d4 d5 3. Nc3 Nf6 4. Bg5 Be7 5. e5 Nfd7 6. Bxe7 Qxe7 7. f4 a6 8. Qg4
g6 9. Nf3 c5 10. dxc5 Nc6 11. O-O-O Qxc5 12. Bd3 b5 13. h4 h5 14. Qg3 Nf8 15.
Ng5 Bd7 16. Rd2 Ra7 17. Rhd1 Rc7 18. Be4 Ne7 19. Qd3 Qc4 20. Qg3 b4 21. Rd4 Qc5
22. Rxd5 exd5 23. Rxd5 Nxd5 24. Nxd5 Rc6 25. Qb3 Be6 26. Nf6+ Ke7 27. Qd3 Bc4
28. Qf3 Rxf6 29. exf6+ Kxf6 30. Bc6 Kg7 31. a3 Qg1+ 32. Kd2 Nh7 33. c3 Rd8+ 34.
Kc2 b3# 0-1

[Event "Tradewise Gibraltar Chess Festival 2014 "]
[Site "The Caleta Hotel - Gibraltar"]
[Date "2014.02.06"]
[Round "10.88"]
[White "Vinas Guerrero, Carlos A"]
[Black "Agbabishvili, Lali"]
[Result "0-1"]
[WhiteElo "2153"]
[BlackElo "1941"]
[PlyCount "66"]
[EventDate "2014.01.28"]

1. e4 c5 2. Nf3 d6 3. d4 cxd4 4. Nxd4 Nf6 5. Nc3 a6 6. Be2 e5 7. Nb3 Be6 8. O-O
Nbd7 9. f4 Rc8 10. f5 Bc4 11. Bxc4 Rxc4 12. Qe2 Qc7 13. a4 Be7 14. a5 O-O 15.
g4 d5 16. g5 Rxc3 17. gxf6 Rxc2 18. Bd2 Nxf6 19. exd5 Nxd5 20. Rac1 Rd8 21. Qe4
Rxc1 22. Rxc1 Qd7 23. Qxe5 Bf6 24. Qe4 Bxb2 25. Rc2 Bf6 26. Nc5 Qb5 27. Kg2 h6
28. h4 Be7 29. Be3 Nxe3+ 30. Qxe3 Bxh4 31. Qe4 Bf6 32. Nxb7 Rd4 33. Qf3 Rd5 0-1

[Event "Tradewise Gibraltar Chess Festival 2014 "]
[Site "The Caleta Hotel - Gibraltar"]
[Date "2014.02.06"]
[Round "10.89"]
[White "Knudsen, Jes West"]
[Black "Bar, Aviv"]
[Result "0-1"]
[WhiteElo "1874"]
[BlackElo "2148"]
[PlyCount "90"]
[EventDate "2014.01.28"]

1. e4 c5 2. b4 cxb4 3. Bb2 d5 4. exd5 Qxd5 5. d4 Nf6 6. Nf3 Bg4 7. Be2 e6 8. c4
bxc3 9. Nxc3 Qa5 10. O-O Be7 11. Qb3 Nbd7 12. h3 Bh5 13. g4 Bg6 14. Ne5 O-O 15.
Nc4 Qc7 16. Nb5 Qb8 17. Rac1 a6 18. Nba3 Nd5 19. Ne5 Nxe5 20. dxe5 Bg5 21. Rc4
b5 22. Rc5 Nf4 23. Re1 Nxe2+ 24. Rxe2 Rc8 25. Rxc8+ Qxc8 26. Qb4 Qd7 27. f4 a5
28. Qd4 Qxd4+ 29. Bxd4 Bxf4 30. Nxb5 Rc8 31. Nd6 Rc1+ 32. Kf2 h5 33. Bb2 Rd1
34. Ne4 Rd3 35. Kg2 hxg4 36. hxg4 Bxe4+ 37. Rxe4 Rd2+ 38. Kf3 Rxb2 39. Kxf4
Rxa2 40. Rc4 g6 41. Rc8+ Kg7 42. Ra8 a4 43. Ra7 a3 44. Ra5 Ra1 45. Kg5 a2 0-1

[Event "Tradewise Gibraltar Chess Festival 2014 "]
[Site "The Caleta Hotel - Gibraltar"]
[Date "2014.02.06"]
[Round "10.90"]
[White "Byron, Alan M"]
[Black "Weinstein, Shaul"]
[Result "1-0"]
[WhiteElo "2147"]
[BlackElo "2025"]
[PlyCount "77"]
[EventDate "2014.01.28"]

1. e4 d5 2. exd5 Qxd5 3. Nc3 Qd6 4. d4 Nf6 5. Nf3 c6 6. Ne5 Nbd7 7. Nc4 Qc7 8.
a4 Nb6 9. Ne5 Bf5 10. a5 Nbd5 11. Nxd5 Nxd5 12. c3 e6 13. Bc4 Bd6 14. Qe2 O-O
15. O-O Rfe8 16. Re1 a6 17. h3 c5 18. dxc5 Bxc5 19. Nd3 Bxd3 20. Bxd3 Nf4 21.
Bxf4 Qxf4 22. Bxh7+ Kf8 23. Bc2 Ke7 24. Ra4 Qg5 25. Re4 Ba7 26. Bb3 Kf8 27. Qf3
Kg8 28. Re5 Qd2 29. R5e2 Qd6 30. Bc2 Qc7 31. Qh5 Rad8 32. Qh7+ Kf8 33. Qh8+ Ke7
34. Qxg7 Rd6 35. Qg5+ Kf8 36. Qh6+ Ke7 37. Qh4+ Kf8 38. Re5 Rd2 39. Qh6+ 1-0

[Event "Tradewise Gibraltar Chess Festival 2014 "]
[Site "The Caleta Hotel - Gibraltar"]
[Date "2014.02.06"]
[Round "10.91"]
[White "Zvarik, Martin"]
[Black "Nejanky, Maisa"]
[Result "1-0"]
[WhiteElo "2216"]
[BlackElo "2040"]
[PlyCount "61"]
[EventDate "2014.01.28"]

1. d4 Nf6 2. Nc3 d5 3. Qd3 b6 4. Bg5 e6 5. e4 Ba6 6. Qf3 Bxf1 7. Kxf1 dxe4 8.
Nxe4 Nbd7 9. Bxf6 gxf6 10. d5 e5 11. Ne2 Be7 12. N2g3 Nc5 13. Nf5 Nxe4 14. Qxe4
Rc8 15. h4 Qd7 16. Rh3 Qb5+ 17. Rd3 Qxb2 18. Rad1 Qxc2 19. Qg4 Rd8 20. h5 b5
21. h6 Bc5 22. Ng7+ Ke7 23. d6+ cxd6 24. Nf5+ Ke8 25. Qf3 Rf8 26. Ng7+ Ke7 27.
Nf5+ Ke8 28. Rc3 Qxf2+ 29. Qxf2 Bxf2 30. Kxf2 d5 31. Rxd5 1-0

[Event "Tradewise Gibraltar Chess Festival 2014 "]
[Site "The Caleta Hotel - Gibraltar"]
[Date "2014.02.06"]
[Round "10.92"]
[White "Skutta, Bernd"]
[Black "Marttala, Thomas"]
[Result "0-1"]
[WhiteElo "2048"]
[BlackElo "2200"]
[PlyCount "74"]
[EventDate "2014.01.28"]

1. d4 d5 2. Nf3 Nf6 3. c4 g6 4. cxd5 Bg7 5. Qa4+ Kf8 6. Nc3 Nxd5 7. Bd2 Nc6 8.
e4 Nb6 9. Qa3 Bg4 10. d5 Bxf3 11. gxf3 Nd4 12. O-O-O Nxf3 13. Bf4 h5 14. Nb5
Ne5 15. Kb1 a6 16. Nd4 Qd6 17. Qc3 Qf6 18. Qc1 Qd6 19. Qc3 Na4 20. Qa5 Nc5 21.
Bg2 h4 22. h3 Kg8 23. Bh2 b6 24. Qc3 b5 25. Qa5 Na4 26. Qd2 Qb6 27. Qb4 Nc4 28.
e5 Naxb2 29. Qxe7 Nxd1 30. Rxd1 Qa5 31. e6 Qc3 32. exf7+ Kh7 33. Qxh4+ Bh6 34.
f8=N+ Rhxf8 35. Qe7+ Kg8 36. Qe6+ Rf7 37. Qxg6+ Bg7 0-1

[Event "Tradewise Gibraltar Chess Festival 2014 "]
[Site "The Caleta Hotel - Gibraltar"]
[Date "2014.02.06"]
[Round "10.93"]
[White "Kvisla, Johannes Luangtep"]
[Black "Hughes, Roy"]
[Result "1-0"]
[WhiteElo "2154"]
[BlackElo "2027"]
[PlyCount "81"]
[EventDate "2014.01.28"]

1. d4 d5 2. c4 c6 3. cxd5 cxd5 4. Nc3 Nf6 5. Bf4 g6 6. e3 Bg7 7. f3 Qb6 8. Qd2
Nc6 9. Nb5 e5 10. Bxe5 Nxe5 11. dxe5 Nd7 12. f4 O-O 13. Nf3 Nc5 14. Nc3 Ne4 15.
Nxe4 dxe4 16. Nd4 Rd8 17. Bc4 Bd7 18. O-O Rac8 19. Rac1 a6 20. h3 h5 21. Rfd1
Bf8 22. a3 Kg7 23. b4 Be7 24. Kh2 h4 25. Qb2 a5 26. e6 Bf6 27. exd7 Rxd7 28.
Qb3 Rdc7 29. Nb5 a4 30. Qa2 Qxe3 31. Nxc7 Qxf4+ 32. Kh1 Rxc7 33. Rf1 Qg5 34.
Qe2 b5 35. Qxe4 bxc4 36. Rxc4 Re7 37. Qf4 Re3 38. Qxg5 Bxg5 39. Rb1 Rb3 40.
Rxb3 axb3 41. Rc3 1-0

[Event "Tradewise Gibraltar Chess Festival 2014 "]
[Site "The Caleta Hotel - Gibraltar"]
[Date "2014.02.06"]
[Round "10.94"]
[White "Weichelt, Jens"]
[Black "Goncalves, Jose Antonio Silvei"]
[Result "1/2-1/2"]
[WhiteElo "2116"]
[BlackElo "1999"]
[PlyCount "61"]
[EventDate "2014.01.28"]

1. d4 Nf6 2. c4 e6 3. Nf3 b6 4. g3 Bb7 5. Bg2 Be7 6. Nc3 Ne4 7. Qc2 Nxc3 8.
Qxc3 O-O 9. O-O f5 10. b3 Bf6 11. Bb2 d6 12. Qd2 Nd7 13. e3 Qe8 14. Qe2 Qh5 15.
Rfe1 Rae8 16. Nd2 Qxe2 17. Rxe2 Bxg2 18. Kxg2 e5 19. dxe5 Bxe5 20. Bxe5 Nxe5
21. Nf3 Nxf3 22. Kxf3 Re4 23. Rd2 Rfe8 24. Rad1 Kf7 25. Rd4 Kf6 26. Rxe4 Rxe4
27. Ke2 Re5 28. Rd4 g6 29. Rh4 h5 30. Rd4 a5 31. a3 1/2-1/2

[Event "Tradewise Gibraltar Chess Festival 2014 "]
[Site "The Caleta Hotel - Gibraltar"]
[Date "2014.02.06"]
[Round "10.95"]
[White "Duff, Rufus"]
[Black "Bjorn, Lasse E"]
[Result "1-0"]
[WhiteElo "2113"]
[BlackElo "1879"]
[PlyCount "85"]
[EventDate "2014.01.28"]

1. e4 e5 2. Nf3 Nc6 3. Nc3 Nf6 4. Bb5 Bc5 5. O-O O-O 6. Nxe5 Nxe5 7. d4 a6 8.
dxe5 axb5 9. exf6 Qxf6 10. Nxb5 c6 11. Nc3 Re8 12. Qd3 b5 13. Be3 b4 14. Bxc5
Ba6 15. Qxd7 bxc3 16. Bd4 Red8 17. Bxf6 Rxd7 18. Bxc3 Bxf1 19. Kxf1 Rda7 20. a3
f6 21. Bb4 Kf7 22. b3 Rb7 23. Bc3 Rb5 24. Bd4 Rh5 25. h3 Rh4 26. f3 f5 27. Bf2
Rh5 28. e5 g5 29. a4 Ke6 30. a5 g4 31. h4 gxf3 32. gxf3 f4 33. a6 Rxe5 34. a7
Rd5 35. b4 Rd7 36. Bc5 Rb7 37. Ke2 Rg7 38. Kd3 Rg3 39. Ke4 Rh3 40. Rd1 Rxh4 41.
Rd6+ Kf7 42. Rxc6 Re8+ 43. Kf5 1-0

[Event "Tradewise Gibraltar Chess Festival 2014 "]
[Site "The Caleta Hotel - Gibraltar"]
[Date "2014.02.06"]
[Round "10.96"]
[White "Kenney, Jason"]
[Black "Nilsen, Martin"]
[Result "1-0"]
[WhiteElo "2112"]
[BlackElo "1878"]
[PlyCount "87"]
[EventDate "2014.01.28"]

1. c4 Nf6 2. g3 g6 3. Bg2 Bg7 4. Nc3 O-O 5. e4 e5 6. Nge2 Nc6 7. d3 d6 8. O-O
Nd7 9. Be3 Nc5 10. d4 exd4 11. Nxd4 Ne5 12. b3 Ng4 13. Bc1 Qf6 14. Nde2 Ne5 15.
f3 Ned3 16. Be3 c6 17. Rb1 a5 18. Qd2 Ne5 19. h3 Qe7 20. f4 Ned3 21. a3 Qe6 22.
Nd4 Nxb3 23. Qxd3 Nxd4 24. Bxd4 b5 25. Bxg7 Kxg7 26. cxb5 cxb5 27. f5 gxf5 28.
exf5 Qe5 29. Rbe1 Qc5+ 30. Kh2 Ra7 31. f6+ Kh8 32. Ne4 Qh5 33. Nxd6 Be6 34. Qd4
Rd7 35. Re5 Qh6 36. Rf4 Rfd8 37. Rxe6 Qf8 38. Qe5 Rxd6 39. Rxd6 Rxd6 40. Rh4
Rd2 41. Qh5 Qg8 42. Qh6 Qg6 43. Qxd2 Kg8 44. Qd8# 1-0

[Event "Tradewise Gibraltar Chess Festival 2014 "]
[Site "The Caleta Hotel - Gibraltar"]
[Date "2014.02.06"]
[Round "10.97"]
[White "Mihajlov, Svetoslav"]
[Black "Holleland, Sigve"]
[Result "1/2-1/2"]
[WhiteElo "2112"]
[BlackElo "1812"]
[PlyCount "71"]
[EventDate "2014.01.28"]

1. d4 d5 2. c4 c6 3. Nc3 Nf6 4. Nf3 a6 5. g3 Bf5 6. cxd5 cxd5 7. Qb3 b5 8. a4
bxa4 9. Qxa4+ Bd7 10. Qb3 e6 11. Ne5 Nc6 12. Nxc6 Bxc6 13. Bf4 a5 14. Bg2 Bb4
15. O-O O-O 16. Rfc1 Qd7 17. Na4 Bxa4 18. Rxa4 Rfc8 19. Raa1 Ra6 20. Bf1 Rxc1
21. Rxc1 Rc6 22. f3 Rxc1 23. Bxc1 Qc6 24. Qd1 Ne8 25. e3 Nd6 26. Bd3 f5 27. Kf2
g6 28. Qc2 Qxc2+ 29. Bxc2 Kf7 30. Bd3 Kf6 31. h4 h5 32. Ke2 Ke7 33. Bd2 Kd7 34.
Bxb4 axb4 35. b3 Kc7 36. Ba6 1/2-1/2

[Event "Tradewise Gibraltar Chess Festival 2014 "]
[Site "The Caleta Hotel - Gibraltar"]
[Date "2014.02.06"]
[Round "10.98"]
[White "Krokay, Urszula"]
[Black "Heer, Stephan"]
[Result "0-1"]
[WhiteElo "1926"]
[BlackElo "2106"]
[PlyCount "50"]
[EventDate "2014.01.28"]

1. e4 g6 2. d4 Bg7 3. Nc3 d6 4. Be3 Nd7 5. Qd2 a6 6. a4 b6 7. f4 Bb7 8. Bd3 c5
9. Nf3 Ngf6 10. h3 cxd4 11. Bxd4 e5 12. fxe5 dxe5 13. Nxe5 Nxe5 14. Bxe5 Qe7
15. Bxf6 Bxf6 16. O-O O-O 17. Rae1 Bd4+ 18. Kh1 Qb4 19. e5 Qxb2 20. Bxg6 Qxc3
21. Bxh7+ Kxh7 22. Qd3+ Qxd3 23. cxd3 Rae8 24. Rf5 Kg6 25. Rf6+ Kg7 0-1

[Event "Tradewise Gibraltar Chess Festival 2014 "]
[Site "The Caleta Hotel - Gibraltar"]
[Date "2014.02.06"]
[Round "10.99"]
[White "Compton, Alistair"]
[Black "Magnusdottir, Veronika Steinun"]
[Result "1/2-1/2"]
[WhiteElo "2105"]
[BlackElo "1561"]
[PlyCount "79"]
[EventDate "2014.01.28"]

1. e4 c5 2. c3 Nf6 3. e5 Nd5 4. d4 cxd4 5. Nf3 e6 6. cxd4 Nc6 7. Nc3 d6 8. Bd3
dxe5 9. dxe5 Bb4 10. Qc2 Qc7 11. O-O Nxe5 12. Nxe5 Qxe5 13. Nxd5 Qxd5 14. Qa4+
Bd7 15. Qxb4 Bc6 16. f3 Qxd3 17. Bg5 f6 18. Bh4 Qb5 19. Qg4 Kf7 20. Rae1 Rhe8
21. b3 Rad8 22. Bf2 b6 23. Qh3 h6 24. Re3 Rd2 25. a4 Qd5 26. Rfe1 Rb2 27. f4
Qf5 28. Qxf5 exf5 29. Rxe8 Bxe8 30. Re3 Bc6 31. h3 Bd5 32. Rc3 g5 33. fxg5 fxg5
34. Rc7+ Kg6 35. Rxa7 Rxb3 36. Ra6 Rb1+ 37. Kh2 Rb2 38. Kg1 Rb1+ 39. Kh2 Rb2
40. Kg1 1/2-1/2

[Event "Tradewise Gibraltar Chess Festival 2014 "]
[Site "The Caleta Hotel - Gibraltar"]
[Date "2014.02.06"]
[Round "10.100"]
[White "Reppen, Ellisiv"]
[Black "Baert, Andy"]
[Result "0-1"]
[WhiteElo "1995"]
[BlackElo "2104"]
[PlyCount "76"]
[EventDate "2014.01.28"]

1. e4 c5 2. Nf3 d6 3. d4 cxd4 4. Nxd4 Nf6 5. Nc3 a6 6. Be3 e6 7. f3 b5 8. Qd2
Nbd7 9. O-O-O Bb7 10. g4 Nb6 11. h4 Nfd7 12. g5 b4 13. Nb1 d5 14. Qg2 e5 15.
Nf5 d4 16. Bg1 g6 17. Ng3 Bg7 18. Qd2 h6 19. f4 hxg5 20. fxg5 Rc8 21. h5 Nc5
22. c3 bxc3 23. bxc3 Nca4 24. hxg6 fxg6 25. Rxh8+ Bxh8 26. Qh2 Qxg5+ 27. Rd2
Bg7 28. Kc2 Nxc3 29. Bh3 Rc7 30. Nxc3 Rxc3+ 31. Kd1 Qxg3 32. Qxg3 Rxg3 33. Rb2
Rxg1+ 34. Ke2 Bxe4 35. Rxb6 Rh1 36. Be6 Rh2+ 37. Ke1 Bh6 38. Rxa6 Be3 0-1

[Event "Tradewise Gibraltar Chess Festival 2014 "]
[Site "The Caleta Hotel - Gibraltar"]
[Date "2014.02.06"]
[Round "10.101"]
[White "Becham, Khalid"]
[Black "Roser, Ludwig"]
[Result "1-0"]
[WhiteElo "2122"]
[BlackElo "1882"]
[PlyCount "77"]
[EventDate "2014.01.28"]

1. e4 d6 2. d4 e5 3. Nf3 exd4 4. Qxd4 Nc6 5. Bb5 Bd7 6. Bxc6 Bxc6 7. Nc3 Qf6 8.
Qd3 h6 9. Be3 Ne7 10. O-O-O Ng6 11. Nd5 Bxd5 12. exd5 Be7 13. Qb5+ Kf8 14. Qxb7
Rd8 15. Qxa7 Kg8 16. Qd4 Qf5 17. Qd3 Qd7 18. h4 Qa4 19. Qb3 Qa6 20. Nd4 Bf6 21.
f4 Nxh4 22. Nc6 Ra8 23. Bd4 Bxd4 24. Nxd4 Ng6 25. a3 Kh7 26. g4 Rhb8 27. Qg3
Qb6 28. Nb3 Kg8 29. g5 hxg5 30. Rde1 gxf4 31. Qh3 f6 32. Reg1 Nf8 33. Qh8+ Kf7
34. Rxg7+ Ke8 35. Re1+ Qe3+ 36. Rxe3+ fxe3 37. Qh5+ Kd8 38. Qf7 Kc8 39. Qxc7#
1-0

[Event "Tradewise Gibraltar Chess Festival 2014 "]
[Site "The Caleta Hotel - Gibraltar"]
[Date "2014.02.06"]
[Round "10.102"]
[White "Biegel, Thomas"]
[Black "Gravett, Alan D"]
[Result "1-0"]
[WhiteElo "2059"]
[BlackElo "1872"]
[PlyCount "29"]
[EventDate "2014.01.28"]

1. Nf3 Nf6 2. c4 c5 3. g3 g6 4. Bg2 Bg7 5. O-O O-O 6. d4 d6 7. Nc3 Nc6 8. dxc5
dxc5 9. Be3 Nd7 10. Qc1 Nd4 11. Rd1 Nf5 12. Bxc5 Qc7 13. Ba3 Qxc4 14. Nd5 Qe4
15. Ng5 1-0

[Event "Tradewise Gibraltar Chess Festival 2014 "]
[Site "The Caleta Hotel - Gibraltar"]
[Date "2014.02.06"]
[Round "10.103"]
[White "Perdomo Araujo, Angel Eduardo"]
[Black "George, Lolomari Erekosima"]
[Result "1-0"]
[WhiteElo "2018"]
[BlackElo "1853"]
[PlyCount "45"]
[EventDate "2014.01.28"]

1. e4 d6 2. d4 Nf6 3. Nc3 g6 4. f3 c6 5. Be3 Nbd7 6. Nh3 b5 7. a3 Bb7 8. Nf2 e5
9. Qd2 a5 10. Be2 b4 11. axb4 axb4 12. Na4 exd4 13. Bxd4 c5 14. Bxf6 Qxf6 15.
Bb5 d5 16. O-O Rd8 17. Ng4 Qe6 18. exd5 Qd6 19. Rfe1+ Be7 20. Qh6 Rg8 21. Qxh7
Rf8 22. Qg7 f5 23. Re6 1-0

[Event "Tradewise Gibraltar Chess Festival 2014 "]
[Site "The Caleta Hotel - Gibraltar"]
[Date "2014.02.06"]
[Round "10.104"]
[White "Whatley, Stephen A J"]
[Black "Hamer, Martyn"]
[Result "0-1"]
[WhiteElo "1864"]
[BlackElo "2017"]
[PlyCount "110"]
[EventDate "2014.01.28"]

1. d4 Nf6 2. Nf3 e6 3. Bg5 c5 4. c3 Be7 5. Nbd2 b6 6. e4 d5 7. e5 Nfd7 8. h4
cxd4 9. cxd4 Ba6 10. Bxa6 Nxa6 11. Qa4 Nb4 12. O-O Nd3 13. Qb3 Bxg5 14. Nxg5
Nf4 15. Qf3 h6 16. Nxf7 Kxf7 17. Qxf4+ Kg8 18. Qg4 Qe7 19. Rac1 Kh7 20. Rc6
Rhe8 21. Rfc1 Rad8 22. Rc7 Qb4 23. Nf1 Re7 24. b3 Nxe5 25. Qg3 Nf7 26. Qd3+ Kg8
27. Qa6 Rxc7 28. Rxc7 Qxd4 29. Qxa7 Nd6 30. Rc6 Nc8 31. Qb7 Rf8 32. Ne3 Qf4 33.
Nd1 Qd2 34. Rxc8 Qxd1+ 35. Kh2 Qd4 36. Rxf8+ Kxf8 37. Qc8+ Kf7 38. Qc7+ Kf6 39.
Qg3 e5 40. h5 Qf4 41. Qxf4+ exf4 42. a4 Ke5 43. b4 Kd4 44. Kh3 Kc4 45. a5 bxa5
46. bxa5 Kb5 47. Kg4 Kxa5 48. Kxf4 Kb4 49. Ke3 Kc3 50. Ke2 d4 51. Kd1 Kd3 52.
g4 Ke4 53. g5 hxg5 54. Ke2 g4 55. Kd2 Kf3 0-1

[Event "Tradewise Gibraltar Chess Festival 2014 "]
[Site "The Caleta Hotel - Gibraltar"]
[Date "2014.02.06"]
[Round "10.105"]
[White "Lobersli, Henrik Oie"]
[Black "Spanton, Tim R"]
[Result "1-0"]
[WhiteElo "1862"]
[BlackElo "1995"]
[PlyCount "83"]
[EventDate "2014.01.28"]

1. d4 d5 2. c4 e5 3. dxe5 d4 4. Nf3 Nc6 5. a3 Be6 6. e3 dxe3 7. Qxd8+ Rxd8 8.
Bxe3 Nge7 9. Nbd2 Ng6 10. Be2 Ngxe5 11. O-O Be7 12. b4 a6 13. Rac1 Nd3 14. Rc3
Bf5 15. Nb3 Bf6 16. Rxd3 Bxd3 17. Bxd3 Rxd3 18. Nc5 Rxa3 19. Nxb7 Rxe3 20. fxe3
Nxb4 21. Nc5 Be7 22. Nb3 O-O 23. Ne5 Bd6 24. Ng4 Re8 25. c5 Be5 26. Nxe5 Rxe5
27. Rf4 Nc2 28. Ra4 Re6 29. Nd4 Nxd4 30. exd4 Kf8 31. d5 Re5 32. d6 cxd6 33. c6
a5 34. Rc4 Re8 35. Kf2 Rc8 36. Ke3 Ke7 37. Kd4 a4 38. Kd5 Ra8 39. Re4+ Kf8 40.
Kxd6 a3 41. c7 a2 42. Ra4 1-0

[Event "Tradewise Gibraltar Chess Festival 2014 "]
[Site "The Caleta Hotel - Gibraltar"]
[Date "2014.02.06"]
[Round "10.106"]
[White "Jacobsen, Fredrik Beer"]
[Black "Nordstrom, Hakon N"]
[Result "0-1"]
[WhiteElo "1991"]
[BlackElo "1835"]
[PlyCount "92"]
[EventDate "2014.01.28"]

1. e4 e6 2. d3 d5 3. Nd2 Nf6 4. Ngf3 c5 5. g3 Nc6 6. Bg2 Be7 7. O-O O-O 8. Re1
b6 9. e5 Nd7 10. Nf1 Bb7 11. h4 Qc7 12. Bf4 d4 13. a3 Bd8 14. Qd2 Ne7 15. g4
Rc8 16. Bg3 Ng6 17. h5 Bxf3 18. hxg6 fxg6 19. Bxf3 Rxf3 20. Qe2 Rf7 21. Nd2 Qb7
22. f4 Be7 23. Rf1 Rcf8 24. c4 Qb8 25. Rf3 b5 26. Raf1 bxc4 27. Nxc4 Nb6 28. b3
Nd5 29. f5 gxf5 30. gxf5 Rxf5 31. Rxf5 exf5 32. Qf3 Ne3 33. Nxe3 dxe3 34. Qd5+
Kh8 35. Qe6 Qd8 36. Rxf5 e2 37. Be1 Qd4+ 38. Kh2 Qxd3 39. Rxf8+ Bxf8 40. Qf7
Qd8 41. Qxa7 Qe8 42. Qc7 Qh5+ 43. Kg2 Qf5 44. Qd8 h6 45. e6 Kh7 46. e7 Qe4+ 0-1

[Event "Tradewise Gibraltar Chess Festival 2014 "]
[Site "The Caleta Hotel - Gibraltar"]
[Date "2014.02.06"]
[Round "10.109"]
[White "Kristinsson, Magnus"]
[Black "Machlik, Jon"]
[Result "0-1"]
[WhiteElo "1741"]
[BlackElo "1891"]
[PlyCount "88"]
[EventDate "2014.01.28"]

1. e4 c6 2. d4 d5 3. Nc3 dxe4 4. Nxe4 Bf5 5. Ng3 Bg6 6. h4 h6 7. h5 Bh7 8. Nf3
Nd7 9. Bd3 Bxd3 10. Qxd3 e6 11. Bf4 Ngf6 12. O-O Be7 13. c4 O-O 14. Rfd1 Qa5
15. Bd2 Qc7 16. a3 Rfd8 17. Qe2 c5 18. Bc3 cxd4 19. Nxd4 Rac8 20. b3 a6 21. Bb2
Bd6 22. Nxe6 fxe6 23. Qxe6+ Kh8 24. Qxd6 Qa5 25. Rd5 Nc5 26. Qe7 Re8 27. Qf7
Rc7 28. Qg6 Re1+ 29. Rxe1 Qxe1+ 30. Kh2 Nxd5 31. cxd5 Qxf2 32. Qe8+ Kh7 33.
Qg6+ Kg8 34. Nf5 Qf4+ 35. Kh1 Qg5 36. Qe8+ Kh7 37. d6 Rd7 38. Ne7 Qh4+ 39. Kg1
Qe1+ 40. Kh2 Qe6 41. Qf8 Qxd6+ 42. Kg1 Qxe7 43. Qf5+ Kg8 44. b4 Qe1+ 0-1

[Event "Tradewise Gibraltar Chess Festival 2014 "]
[Site "The Caleta Hotel - Gibraltar"]
[Date "2014.02.06"]
[Round "10.110"]
[White "Nielsen, Peter"]
[Black "Bajer, Renato"]
[Result "0-1"]
[WhiteElo "1759"]
[BlackElo "1914"]
[PlyCount "66"]
[EventDate "2014.01.28"]

1. e4 e5 2. Nf3 Nc6 3. d4 exd4 4. Bc4 Nf6 5. e5 d5 6. Bb5 Ne4 7. Nxd4 Bc5 8.
O-O Bd7 9. Bxc6 bxc6 10. c3 Qe7 11. f3 Ng5 12. b4 Bb6 13. f4 Ne4 14. a4 a6 15.
Ba3 c5 16. bxc5 Bxc5 17. Bxc5 Qxc5 18. Qf3 O-O 19. g4 f6 20. exf6 Rxf6 21. Kg2
Bxg4 22. Qd3 Rg6 23. Kh1 Rh6 24. Nd2 Rh3 25. Nxe4 dxe4 26. Qxe4 Rf8 27. Ne6 Qh5
28. Ra2 Re8 29. f5 Bf3+ 30. Rxf3 Rxf3 31. Qc4 Kh8 32. Nxc7 Re1+ 33. Kg2 Qh3#
0-1